| 000 | 00469nam a2200181Ia 4500 | ||
|---|---|---|---|
| 008 | 131103s9999 xx 000 0 und d | ||
| 020 | _a60038898 | ||
| 040 | _aLoreto College | ||
| 041 | _aEnglish | ||
| 082 |
_aREF _bLCBED/10296 |
||
| 100 | _aMiles, Bernard | ||
| 245 |
_aWell- loved tales from Shakespeare _cBernard Miles |
||
| 260 |
_aLondon _bHamlyn _c1986 |
||
| 300 |
_a125p. _b ill., pic. _c 24cm. |
||
| 650 | _aRefarence | ||
| 850 | _aLCBED/REF | ||
| 942 | _cBK | ||
| 999 |
_c31802 _d82281 |
||